00687 2200241 4500001002100000005001500021035002000036007000300056008004100059020002200100082000800122084001400130100002000144245009600164250001000260260004700270300003400317650002400351520003000375710001800405990001100423990001100434INLIS00000000000449720191127080532 a0010-1119000124ta191127 g 0 ind  a978-602-51556-0-4 a153 a153 FAR t0 aFARADINA, Mufti1 aTakut adalah Rumus Kegagalan, Berani Gagal itu Baik /cFaradina Mufti; editor, Tim Penerbit acet.1 aYogyakarta :bHijaz Pustaka Mandiri,c2018 ax, 157 hlm. :bilus. ;c21 cm 4aPSIKOLOGI. MOTIVASI aBibliografi: hlm. 156-1570 aTIM, Penerbit a7180 a a7180 b